00748nam a2200253 a 4500001001300000003000900013005001700022008004100039020001000080082001700090100001700107245005500124260004200179300000900221500003500230505001300265650001800278650001900296700001700315902000800332942000700340952013000347999001700477nice12345678IN_TiNIC20260116013516.0050524s1968 dela grp 000 0 eng  ac20000a954.023bNIG aNigam, S B P aNobility Under the Sultans of Delhi A.D. 1206-1398 aDelhibMunshiram Manoharlal Pubc1968 a223p aincludes index and biblioraphy2 aAppendix aIndia-History aDelhi Sultanat1 aNigam, S B P bSRS cBK 001040708StackRoom-aHMIbHMId2007-04-03g200.00l2o954.023 NIGp018182r2019-07-02s2019-06-26v200.00w2005-05-24yBK c11266d11266